00222nam a22000857a 4500082001400000245006300014260002600077300000700103650002600110 a575.1 GEN aGene Technology in Molecular Medicine and Forensic Science aColombobICHEMCc2006 a79 aGene TEchnologya2006